• 首页
  • 本馆介绍
  • 公告通知
  • 最新文献
  • 馆藏检索
  • 电子资源
  • 读者导购
  • 参考咨询
  • 我的图书馆
  • 登录
  • 详细信息显示
  • 放入我的书架
  • 预约/预借图书
  • 作者相关作品
  • 分类相关作品
  • 丛书相关作品
  • 出版社相关作品

书目信息

  • 表格格式
  • 工作单格式
  • 卡片格式
书名: Merchant of Venice
作者: by Waldo F. Mcneir.
分册号:
分册名:
出版地: Lincoln, Neb. :
 
出版社: Cliffs Notes
出版时间: c1981.
页数: 71 p. ;
开本: 21 cm.
丛书名:
中图分类号:
科图分类号:
其他分类号: I106
主题词:
电子资源:
000 00867cam 2200265Ia 4504
001 E0739167923
003 OCoLC
005 20070301110043.26
008 031204s1981 nbu b 000 0 eng d
020    @a0822000520.
040    @aNUL@cNUL
090    @aK553.74/W226
090    @aI106
099    @dI106@ex8:1(2)
100 1  @aMcneir, Waldo F.
245 10 @aMerchant of Venice :@bnotes / @cby Waldo F. Mcneir.
260    @aLincoln, Neb. :@bCliffs Notes,@cc1981.
300    @a71 p. ;@c21 cm.
500    @aCover title: Cliffs notes on Shakespeares's Merchant of Venice.
504    @aBibliography : p. 70-71.
600 10 @aShakespeare, William,@d1564-1616.@tMerchant of Venice.
710 2  @aCliffs Notes, Inc.
740 0  @aCliffs notes on Shakespeare's Merchant of Venice.
740 0  @aShakespeare's Merchant of Venice.
920    @a232010@z2
    
    Merchant of Venice : : notes / / by Waldo F. Mcneir.-Lincoln, Neb. : : Cliffs Notes, , c1981.
    71 p. ; ; 21 cm.
    Cover title: Cliffs notes on Shakespeares's Merchant of Venice.-Bibliography : p. 70-71.
    
    ISBN 0822000520.
    
●
相关链接 在E读中查询图书 在五车中查询图书 在当当中查询图书 在豆瓣中查询图书


正题名:Merchant of Venice     索取号:I106/x8:1(2)         预约/预借

序号 登录号 条形码 馆藏地/架位号 状态 备注
1 0184375   000434015   第四借阅区/ [索取号:I106/x8:1(2)] 在馆    
2 0184376   000434051   第四借阅区/ [索取号:I106/x8:1(2)] 在馆    
唐山师范学院图书馆 欢迎您!
大连网信软件有限公司© 版权所有